| 000 | 00627nam a2200169 i 4500 | ||
|---|---|---|---|
| 001 | 104510 | ||
| 003 | ES-MaACL | ||
| 005 | 20230906183625.0 | ||
| 007 | t| | ||
| 008 | 051130s1918 ag ||||1| spa d | ||
| 100 | 1 |
_aMillé y Giménez, Juan. _981195 |
|
| 245 | 1 | 0 |
_aQuevedo y Avellaneda _b: algo sobre el Buscón y el falso Quijote / _cJuan Millé y Giménez. |
| 260 |
_aBuenos Aires : _b[s.n.], _c1918. |
||
| 500 | _aDe la revista "Helios" correspondiente al mes de julio. | ||
| 600 | 1 | 4 |
_aFernández de Avellaneda, Alonso. _tSegundo tomo del ingenioso hidalgo don Quijote de la Mancha. _949625 |
| 852 |
_aES-MaACL _j1538-F-8 |
||
| 999 |
_c104510 _d104510 |
||